[Event "St Peters de Beauvoir 1st"]
[Site "London, Islington"]
[Date "1994.12.??"]
[Round "5"]
[White "Martin, Benjamin"]
[Black "Olesen, Martin"]
[Result "1-0"]
[WhiteElo "2355"]
[BlackElo "2320"]
[PlyCount "81"]
[EventDate "1994.12.??"]
[EventType "tourn"]
[EventRounds "9"]
[EventCountry "ENG"]
[EventCategory "4"]
[SourceTitle "BritBase"]
[Source "John Saunders"]
[SourceDate "2023.06.01"]
[SourceVersion "1"]
[SourceVersionDate "2023.06.01"]
[SourceQuality "1"]

1. Nf3 c5 2. b3 Nf6 3. Bb2 e6 4. g3 b6 5. Bg2 Bb7 6. O-O Be7 7. c4 O-O 8. e3
Nc6 9. Nc3 a6 10. Qe2 d5 11. d3 Rc8 12. Rfd1 Rc7 13. d4 cxd4 14. Nxd4 Nxd4 15.
Rxd4 Qc8 16. cxd5 Rxc3 17. d6 Bxg2 18. dxe7 Re8 19. Kxg2 Rc2 20. Rd2 Rxd2 21.
Qxd2 Rxe7 22. Bxf6 gxf6 23. Rd1 Qc6+ 24. Kg1 Re8 25. Rc1 Qb7 26. Qd6 Kg7 27.
Rc7 Qe4 28. Rc4 Qb1+ 29. Kg2 h5 30. Qxb6 Qxa2 31. h4 Qd2 32. Qxa6 Rd8 33. Qb7
Rd7 34. Qf3 Qe1 35. Qxh5 Rd1 36. Rg4+ Kf8 37. Qc5+ Ke8 38. Rg8+ Kd7 39. Qc8+
Kd6 40. Rd8+ Ke5 41. Qc7+ 1-0

[Event "St Peters de Beauvoir 1st"]
[Site "London, Islington"]
[Date "1994.12.??"]
[Round "6"]
[White "Carton, Niall"]
[Black "Harley, Andrew D"]
[Result "1/2-1/2"]
[WhiteElo "2260"]
[BlackElo "2255"]
[PlyCount "22"]
[EventDate "1994.12.??"]
[EventType "tourn"]
[EventRounds "9"]
[EventCountry "ENG"]
[EventCategory "4"]
[SourceTitle "BritBase"]
[Source "John Saunders"]
[SourceDate "2023.06.01"]
[SourceVersion "1"]
[SourceVersionDate "2023.06.01"]
[SourceQuality "1"]

1. e4 e6 2. d4 d5 3. exd5 exd5 4. Bd3 Nc6 5. c3 Bd6 6. Nf3 Bg4 7. O-O Nge7 8.
Re1 Qd7 9. Nbd2 O-O 10. h3 Bf5 11. Nf1 Rae8 1/2-1/2

[Event "St Peters de Beauvoir 1st"]
[Site "London, Islington"]
[Date "1994.12.??"]
[Round "6"]
[White "Dunworth, Christopher N"]
[Black "Pigott, John C"]
[Result "1-0"]
[WhiteElo "2220"]
[BlackElo "2385"]
[PlyCount "47"]
[EventDate "1994.12.??"]
[EventType "tourn"]
[EventRounds "9"]
[EventCountry "ENG"]
[EventCategory "4"]
[SourceTitle "BritBase"]
[Source "John Saunders"]
[SourceDate "2023.06.01"]
[SourceVersion "1"]
[SourceVersionDate "2023.06.01"]
[SourceQuality "1"]

1. d4 c5 2. d5 Nf6 3. Nc3 d6 4. e4 g6 5. f4 Bg7 6. Bb5+ Nfd7 7. a4 Na6 8. Nf3
Nc7 9. O-O O-O 10. Kh1 Nxb5 11. axb5 Nb6 12. f5 gxf5 13. Nh4 fxe4 14. Nxe4 Qe8
15. Ra3 f5 16. Rg3 Kh8 17. Ng5 Bf6 18. Nxh7 Kxh7 19. Nxf5 Bxf5 20. Rxf5 Bg7 21.
Rxg7+ Kxg7 22. Rg5+ Kh8 23. Qd3 Rf7 24. Qh3+ 1-0

[Event "St Peters de Beauvoir 1st"]
[Site "London, Islington"]
[Date "1994.12.??"]
[Round "6"]
[White "McDonald, Neil R"]
[Black "Martin, Benjamin"]
[Result "1/2-1/2"]
[WhiteElo "2420"]
[BlackElo "2355"]
[PlyCount "79"]
[EventDate "1994.12.??"]
[EventType "tourn"]
[EventRounds "9"]
[EventCountry "ENG"]
[EventCategory "4"]
[SourceTitle "BritBase"]
[Source "John Saunders"]
[SourceDate "2023.06.01"]
[SourceVersion "1"]
[SourceVersionDate "2023.06.01"]
[SourceQuality "1"]

1. e4 e6 2. d4 d5 3. Nc3 Bb4 4. Nge2 Nc6 5. a3 Ba5 6. Be3 Nf6 7. e5 Ng4 8. Bc1
O-O 9. h3 Nh6 10. Bxh6 gxh6 11. b4 Bb6 12. Na4 f6 13. Nxb6 axb6 14. exf6 Qxf6
15. f4 Bd7 16. g3 Ne7 17. Qd3 c5 18. bxc5 bxc5 19. Rb1 c4 20. Qc3 b5 21. Bg2
Ra7 22. O-O Rfa8 23. Rf3 Bc6 24. f5 Nxf5 25. g4 Rxa3 26. Qxa3 Rxa3 27. Rxa3
Nxd4 28. Ng3 Nxc2 29. Rf3 Qd4+ 30. Kh1 Ne3 31. Re1 Nxg2 32. Kxg2 Bd7 33. Ref1
Qb2+ 34. R1f2 Qg7 35. Nh5 Qe7 36. Nf6+ Kg7 37. Nh5+ Kg8 38. Nf6+ Kg7 39. Nh5+
Kg8 40. Nf6+ 1/2-1/2

[Event "St Peters de Beauvoir 1st"]
[Site "London, Islington"]
[Date "1994.12.??"]
[Round "6"]
[White "McFarland, Robert S"]
[Black "Fatin, Tarek"]
[Result "1-0"]
[WhiteElo "2290"]
[BlackElo "2385"]
[PlyCount "79"]
[EventDate "1994.12.??"]
[EventType "tourn"]
[EventRounds "9"]
[EventCountry "ENG"]
[EventCategory "4"]
[SourceTitle "BritBase"]
[Source "John Saunders"]
[SourceDate "2023.06.01"]
[SourceVersion "1"]
[SourceVersionDate "2023.06.01"]
[SourceQuality "1"]

1. Nf3 Nf6 2. g3 c5 3. Bg2 Nc6 4. O-O d5 5. d3 Bg4 6. h3 Bf5 7. Na3 h6 8. c4 e6
9. Qa4 Qd7 10. Nc2 Be7 11. a3 O-O 12. Kh2 a6 13. Ne3 Bh7 14. Qd1 b5 15. b3 Rab8
16. cxd5 exd5 17. Bb2 d4 18. Nc2 a5 19. b4 Rfd8 20. Rc1 Rbc8 21. bxc5 Bxc5 22.
Na1 Qe7 23. Qb3 b4 24. axb4 axb4 25. Rc2 Nd5 26. Nxd4 Bxd4 27. Bxd5 Na5 28. Qa2
Rxc2 29. Nxc2 Bxb2 30. Qxa5 Bc3 31. e4 Rc8 32. Qa6 Qc7 33. Bb3 Rd8 34. Ne3 Rd6
35. Qa8+ Rd8 36. Qa6 Kh8 37. Nd5 Bg6 38. Kg2 Qe5 39. Qb6 Rb8 40. Qa7 1-0

[Event "St Peters de Beauvoir 1st"]
[Site "London, Islington"]
[Date "1994.12.??"]
[Round "7"]
[White "Fatin, Tarek"]
[Black "Dunworth, Christopher N"]
[Result "1-0"]
[WhiteElo "2385"]
[BlackElo "2220"]
[PlyCount "83"]
[EventDate "1994.12.??"]
[EventType "tourn"]
[EventRounds "9"]
[EventCountry "ENG"]
[EventCategory "4"]
[SourceTitle "BritBase"]
[Source "John Saunders"]
[SourceDate "2023.06.01"]
[SourceVersion "1"]
[SourceVersionDate "2023.06.01"]
[SourceQuality "1"]

1. Nf3 d6 2. c4 g6 3. Nc3 Bg7 4. d3 e5 5. Bg5 f6 6. Bd2 f5 7. Qc1 Nd7 8. g3 c6
9. Bg2 a5 10. O-O Ngf6 11. Bh6 O-O 12. Bxg7 Kxg7 13. Qc2 Rb8 14. a3 h6 15. b4
b5 16. Nd2 Bb7 17. Nb3 axb4 18. axb4 bxc4 19. dxc4 Ba8 20. b5 cxb5 21. cxb5
Bxg2 22. Kxg2 Qc7 23. Qd3 Rfc8 24. Rfc1 Nc5 25. Nxc5 Qxc5 26. Ra6 e4 27. Qd1
Ng4 28. Nxe4 Qxc1 29. Ra7+ Rc7 30. Qxc1 Rxa7 31. Nxd6 Rd8 32. b6 Rad7 33. Nc4
Rc8 34. Qb2+ Nf6 35. Na5 Rb8 36. b7 Re7 37. Qb6 Rf7 38. Qa7 Rff8 39. Nc6 Nd7
40. Qd4+ Nf6 41. Nxb8 Rxb8 42. Qb6 1-0

[Event "St Peters de Beauvoir 1st"]
[Site "London, Islington"]
[Date "1994.12.??"]
[Round "7"]
[White "Harley, Andrew D"]
[Black "Whiteley, Andrew Jonathan"]
[Result "1/2-1/2"]
[WhiteElo "2255"]
[BlackElo "2305"]
[PlyCount "43"]
[EventDate "1994.12.??"]
[EventType "tourn"]
[EventRounds "9"]
[EventCountry "ENG"]
[EventCategory "4"]
[SourceTitle "BritBase"]
[Source "John Saunders"]
[SourceDate "2023.06.01"]
[SourceVersion "1"]
[SourceVersionDate "2023.06.01"]
[SourceQuality "1"]

1. e4 c5 2. c3 e6 3. d4 d5 4. e5 Nc6 5. Nf3 Qb6 6. a3 Bd7 7. b4 cxd4 8. cxd4
Rc8 9. Bb2 Nh6 10. Bd3 Na5 11. Nc3 Nc4 12. Qb3 a5 13. b5 a4 14. Nxa4 Qa5+ 15.
Bc3 Qxb5 16. Qxb5 Bxb5 17. Nb6 Rc6 18. Nxc4 Bxc4 19. Kd2 Bxd3 20. Kxd3 Kd7 21.
Rhb1 b6 22. a4 1/2-1/2

[Event "St Peters de Beauvoir 1st"]
[Site "London, Islington"]
[Date "1994.12.??"]
[Round "7"]
[White "Olesen, Martin"]
[Black "McDonald, Neil R"]
[Result "1/2-1/2"]
[WhiteElo "2320"]
[BlackElo "2420"]
[PlyCount "33"]
[EventDate "1994.12.??"]
[EventType "tourn"]
[EventRounds "9"]
[EventCountry "ENG"]
[EventCategory "4"]
[SourceTitle "BritBase"]
[Source "John Saunders"]
[SourceDate "2023.06.01"]
[SourceVersion "1"]
[SourceVersionDate "2023.06.01"]
[SourceQuality "1"]

1. e4 e6 2. d4 d5 3. e5 c5 4. c3 Nc6 5. Nf3 Bd7 6. dxc5 Bxc5 7. Bd3 Nge7 8. b4
Bb6 9. b5 Na5 10. a4 Rc8 11. O-O Nc4 12. Nbd2 Nxd2 13. Bxd2 Ng6 14. Re1 Bc5 15.
Ng5 Qe7 16. Qh5 Kd8 17. Qf3 1/2-1/2

[Event "St Peters de Beauvoir 1st"]
[Site "London, Islington"]
[Date "1994.12.??"]
[Round "7"]
[White "Pigott, John C"]
[Black "Carton, Niall"]
[Result "1/2-1/2"]
[WhiteElo "2385"]
[BlackElo "2260"]
[PlyCount "57"]
[EventDate "1994.12.??"]
[EventType "tourn"]
[EventRounds "9"]
[EventCountry "ENG"]
[EventCategory "4"]
[SourceTitle "BritBase"]
[Source "John Saunders"]
[SourceDate "2023.06.01"]
[SourceVersion "1"]
[SourceVersionDate "2023.06.01"]
[SourceQuality "1"]

1. d4 e6 2. c4 Nf6 3. Nc3 Bb4 4. Qc2 c5 5. dxc5 Na6 6. Nf3 Nxc5 7. Bd2 b6 8. e3
Bb7 9. Be2 O-O 10. O-O Rc8 11. Nb5 Bxd2 12. Nxd2 a6 13. Nd6 Rc6 14. Nxb7 Nxb7
15. b4 d5 16. Qa4 Qc7 17. Qxa6 dxc4 18. Bf3 Nd5 19. b5 Rd6 20. Nxc4 Qxc4 21.
Rfc1 Qb4 22. a3 Qa5 23. Qxb7 Qxb5 24. e4 Nf4 25. Rab1 Qg5 26. Rc8 Ng6 27. g3
Qa5 28. Kg2 Qxa3 29. Rxf8+ 1/2-1/2

[Event "St Peters de Beauvoir 1st"]
[Site "London, Islington"]
[Date "1994.12.??"]
[Round "8"]
[White "Carton, Niall"]
[Black "Fatin, Tarek"]
[Result "0-1"]
[WhiteElo "2260"]
[BlackElo "2385"]
[PlyCount "85"]
[EventDate "1994.12.??"]
[EventType "tourn"]
[EventRounds "9"]
[EventCountry "ENG"]
[EventCategory "4"]
[SourceTitle "BritBase"]
[Source "John Saunders"]
[SourceDate "2023.06.01"]
[SourceVersion "1"]
[SourceVersionDate "2023.06.01"]
[SourceQuality "1"]

1. e4 c5 2. Nf3 Nc6 3. d4 cxd4 4. Nxd4 a6 5. Nc3 e6 6. g3 Qc7 7. Bg2 Nf6 8. O-O
Be7 9. Be3 O-O 10. Qe2 d6 11. Rad1 Rb8 12. h3 Ne5 13. g4 Nc4 14. Bc1 b5 15. g5
Ne8 16. Rd3 b4 17. Nd1 g6 18. b3 Ne5 19. Rg3 Ng7 20. f4 Nh5 21. Re3 Qb6 22. Bb2
Nd7 23. h4 e5 24. Nf5 Bd8 25. Kh2 f6 26. Nh6+ Kg7 27. f5 fxg5 28. fxg6 Rxf1 29.
Qxf1 Nf4 30. gxh7 Kxh7 31. hxg5 Nf8 32. Rg3 Rb7 33. Bc1 N8g6 34. Nf5 Kh8 35.
Be3 Qc6 36. Qf2 Rc7 37. Qd2 Nxg2 38. Rxg2 Rh7+ 39. Kg1 Bxf5 40. exf5 Nh4 41.
Qe2 Nxg2 42. Qxg2 Qxg2+ 43. Kxg2 0-1

[Event "St Peters de Beauvoir 1st"]
[Site "London, Islington"]
[Date "1994.12.??"]
[Round "8"]
[White "Dunworth, Christopher N"]
[Black "Martin, Benjamin"]
[Result "1-0"]
[WhiteElo "2220"]
[BlackElo "2355"]
[PlyCount "79"]
[EventDate "1994.12.??"]
[EventType "tourn"]
[EventRounds "9"]
[EventCountry "ENG"]
[EventCategory "4"]
[SourceTitle "BritBase"]
[Source "John Saunders"]
[SourceDate "2023.06.01"]
[SourceVersion "1"]
[SourceVersionDate "2023.06.01"]
[SourceQuality "1"]

1. e4 e6 2. d4 d5 3. e5 c5 4. c3 Nc6 5. Nf3 Bd7 6. dxc5 Bxc5 7. b4 Bb6 8. b5
Na5 9. Bd3 Ne7 10. O-O Ng6 11. a4 Qc7 12. Re1 O-O 13. Ba3 Bc5 14. Bxc5 Qxc5 15.
h4 Rac8 16. Ra2 Nc4 17. Ng5 Qe7 18. g3 h6 19. Nf3 f5 20. Nbd2 Na5 21. Nb3 Nc4
22. Nbd4 Rc5 23. Qb3 Rfc8 24. Qb4 Qd8 25. Nc6 Qf8 26. Nxa7 Ra8 27. b6 Na5 28.
Nd4 Nh8 29. Bb5 Bxb5 30. axb5 Nc4 31. Nxe6 Qe7 32. Nxc5 Nxe5 33. Kg2 Qd6 34.
Nd3 Qxb6 35. Rxe5 Rxa7 36. Rxa7 Qxa7 37. Re8+ Kh7 38. Qf8 f4 39. Qxh8+ Kg6 40.
Nxf4+ 1-0

[Event "St Peters de Beauvoir 1st"]
[Site "London, Islington"]
[Date "1994.12.??"]
[Round "8"]
[White "McFarland, Robert S"]
[Black "Olesen, Martin"]
[Result "1/2-1/2"]
[WhiteElo "2290"]
[BlackElo "2320"]
[PlyCount "131"]
[EventDate "1994.12.??"]
[EventType "tourn"]
[EventRounds "9"]
[EventCountry "ENG"]
[EventCategory "4"]
[SourceTitle "BritBase"]
[Source "John Saunders"]
[SourceDate "2023.06.01"]
[SourceVersion "1"]
[SourceVersionDate "2023.06.01"]
[SourceQuality "1"]

1. c4 g6 2. g3 Bg7 3. Bg2 e5 4. Nc3 d6 5. e3 f5 6. Nge2 Nf6 7. d3 O-O 8. O-O
Nc6 9. Rb1 Be6 10. Nd5 Rb8 11. b4 e4 12. Nef4 Bf7 13. Nxf6+ Bxf6 14. Nd5 Bg7
15. d4 b5 16. Qc2 bxc4 17. Qxc4 Nxb4 18. Rxb4 Rxb4 19. Qxb4 Bxd5 20. Qa5 c5 21.
Qxa7 cxd4 22. exd4 Qb8 23. Qa5 Qb7 24. Bf4 Ra8 25. Qc3 Qb6 26. Be3 Qa5 27. Qc2
Qa4 28. Qc7 Qc6 29. Qe7 Bf8 30. Qg5 Qd7 31. h4 Be7 32. Qh6 Bf8 33. Qg5 Bf7 34.
Ra1 h6 35. Qf4 Rxa2 36. Rxa2 Bxa2 37. Bh3 h5 38. Qg5 Bf7 39. Bf1 Qe6 40. Qd8
Qe7 41. Qb8 Qe8 42. Qb7 Bg7 43. Bb5 Qe6 44. Bc6 d5 45. Kf1 Bf6 46. Qb8+ Kg7 47.
Bb5 Qe7 48. Bc6 Qd8 49. Qa7 Qd6 50. Qb7 Qe6 51. Qc7 f4 52. gxf4 Bxh4 53. Bd7
Qe7 54. Qc8 Bf6 55. f5 g5 56. Qc6 Qb4 57. Kg2 Be7 58. Be6 Qd6 59. Qxd6 Bxd6 60.
Bxg5 Bxe6 61. fxe6 Kf8 62. Kh3 Be7 63. Kh4 Bb4 64. Kxh5 Be1 65. Bh4 Bc3 66. Bf6
1/2-1/2

[Event "St Peters de Beauvoir 1st"]
[Site "London, Islington"]
[Date "1994.12.??"]
[Round "9"]
[White "Fatin, Tarek"]
[Black "Harley, Andrew D"]
[Result "1/2-1/2"]
[WhiteElo "2385"]
[BlackElo "2255"]
[PlyCount "100"]
[EventDate "1994.12.??"]
[EventType "tourn"]
[EventRounds "9"]
[EventCountry "ENG"]
[EventCategory "4"]
[SourceTitle "BritBase"]
[Source "John Saunders"]
[SourceDate "2023.06.01"]
[SourceVersion "1"]
[SourceVersionDate "2023.06.01"]
[SourceQuality "1"]

1. c4 Nf6 2. g3 e6 3. Nf3 d5 4. b3 Be7 5. Bg2 O-O 6. Bb2 b6 7. O-O Bb7 8. d3
Nbd7 9. Qc2 c5 10. e3 Qc7 11. Nbd2 Rac8 12. Rac1 Qb8 13. Qb1 Rfd8 14. Rfd1 Qa8
15. cxd5 Nxd5 16. e4 Nb4 17. Nc4 Nf6 18. Nfe5 Nc6 19. Nxc6 Bxc6 20. Ne5 Bb7 21.
Qc2 Nd7 22. Nc4 Nb8 23. f4 Nc6 24. Qf2 Nd4 25. g4 f5 26. gxf5 exf5 27. Re1 Rc7
28. Kh1 Qc8 29. Ne3 g6 30. Nd5 Bxd5 31. exd5 Bf6 32. Re3 Qd7 33. Rce1 Qf7 34.
Re5 Rcd7 35. Bxd4 cxd4 36. Re6 Rd6 37. R6e2 Qd7 38. Rc2 Rc8 39. Rec1 Rxc2 40.
Rxc2 Kf7 41. a4 Qe7 42. Kg1 Rd7 43. Rc6 Qe3 44. Qxe3 dxe3 45. Kf1 Be7 46. Ke2
Bc5 47. a5 Ke7 48. b4 Bxb4 49. axb6 axb6 50. Rxb6 Bd6 1/2-1/2

[Event "St Peters de Beauvoir 1st"]
[Site "London, Islington"]
[Date "1994.12.??"]
[Round "9"]
[White "Martin, Benjamin"]
[Black "Carton, Niall"]
[Result "1-0"]
[WhiteElo "2355"]
[BlackElo "2260"]
[PlyCount "79"]
[EventDate "1994.12.??"]
[EventType "tourn"]
[EventRounds "9"]
[EventCountry "ENG"]
[EventCategory "4"]
[SourceTitle "BritBase"]
[Source "John Saunders"]
[SourceDate "2023.06.01"]
[SourceVersion "1"]
[SourceVersionDate "2023.06.01"]
[SourceQuality "1"]

1. Nf3 Nf6 2. g3 g6 3. b3 Bg7 4. Bb2 d6 5. Bg2 O-O 6. O-O e5 7. c4 Nc6 8. d3
Nh5 9. Nc3 f5 10. Qd2 Bd7 11. Rac1 f4 12. Nd5 g5 13. c5 g4 14. Ne1 Bh6 15. Be4
Bg5 16. gxf4 Nxf4 17. e3 Nh3+ 18. Kh1 Qe8 19. f4 Qh5 20. Qg2 Bd8 21. Nf3 Be6
22. cxd6 cxd6 23. fxe5 dxe5 24. b4 a6 25. a4 Kh8 26. Nxe5 Rxf1+ 27. Rxf1 Nxe5
28. Qg3 Kg8 29. Bxe5 Rc8 30. Nf6+ Bxf6 31. Bxf6 Bd5 32. Bxd5+ Qxd5+ 33. e4 Qe6
34. Qg2 h5 35. d4 Qb3 36. Qg3 Qc2 37. Qe5 Qc4 38. Qf5 Qxf1+ 39. Qxf1 Rc2 40.
Bh4 1-0

[Event "St Peters de Beauvoir 1st"]
[Site "London, Islington"]
[Date "1994.12.??"]
[Round "9"]
[White "McDonald, Neil R"]
[Black "McFarland, Robert S"]
[Result "1-0"]
[WhiteElo "2420"]
[BlackElo "2290"]
[PlyCount "49"]
[EventDate "1994.12.??"]
[EventType "tourn"]
[EventRounds "9"]
[EventCountry "ENG"]
[EventCategory "4"]
[SourceTitle "BritBase"]
[Source "John Saunders"]
[SourceDate "2023.06.01"]
[SourceVersion "1"]
[SourceVersionDate "2023.06.01"]
[SourceQuality "1"]

1. e4 g6 2. Nc3 Bg7 3. f4 c5 4. Nf3 Nc6 5. Bb5 Nd4 6. O-O a6 7. Bd3 d6 8. Nxd4
cxd4 9. Ne2 Nf6 10. Kh1 O-O 11. Nxd4 Nxe4 12. Bxe4 Bxd4 13. Qf3 Qd7 14. f5 Bg7
15. g4 Rb8 16. d3 b5 17. Bg5 Bxb2 18. Rae1 Bf6 19. Bxf6 exf6 20. Qh3 Kg7 21. g5
fxg5 22. f6+ Kh8 23. Qh6 Rg8 24. Re3 g4 25. Rf4 1-0

[Event "St Peters de Beauvoir 1st"]
[Site "London, Islington"]
[Date "1994.12.??"]
[Round "9"]
[White "Olesen, Martin"]
[Black "Dunworth, Christopher N"]
[Result "1-0"]
[WhiteElo "2320"]
[BlackElo "2220"]
[PlyCount "99"]
[EventDate "1994.12.??"]
[EventType "tourn"]
[EventRounds "9"]
[EventCountry "ENG"]
[EventCategory "4"]
[SourceTitle "BritBase"]
[Source "John Saunders"]
[SourceDate "2023.06.01"]
[SourceVersion "1"]
[SourceVersionDate "2023.06.01"]
[SourceQuality "1"]

1. e4 g6 2. d4 d6 3. Bg5 Bg7 4. Nf3 c5 5. Nc3 cxd4 6. Nxd4 Nc6 7. Nb3 Nf6 8.
Be2 O-O 9. O-O Be6 10. Kh1 Rc8 11. f4 a6 12. Bf3 Qc7 13. Qe1 b5 14. Nd5 Bxd5
15. exd5 Nb8 16. c3 Rfe8 17. Qh4 Nbd7 18. Rfe1 Nc5 19. Re2 b4 20. cxb4 Nxb3 21.
axb3 Rb8 22. f5 Qb7 23. Bd2 Rec8 24. Rae1 Rc7 25. Bc3 Qb5 26. h3 Re8 27. Qf4
Qd3 28. fxg6 hxg6 29. Rd2 Qb5 30. Be2 Qb7 31. Bc4 Rcc8 32. Rde2 Ra8 33. Qf3
Rab8 34. Qd3 Ra8 35. b5 axb5 36. Bxb5 Qxd5 37. Qxd5 Nxd5 38. Bxg7 Kxg7 39. Bc6
Nf4 40. Re4 Ne6 41. Bxe8 Rxe8 42. Rb4 Nc5 43. Rb6 Kf8 44. Re2 Rd8 45. b4 Nd3
46. Rb7 e6 47. Rd2 Ne5 48. b5 d5 49. b6 d4 50. Rc7 1-0

[Event "St Peters de Beauvoir 1st"]
[Site "London, Islington"]
[Date "1994.12.??"]
[Round "9"]
[White "Pigott, John C"]
[Black "Whiteley, Andrew Jonathan"]
[Result "1/2-1/2"]
[WhiteElo "2385"]
[BlackElo "2305"]
[PlyCount "23"]
[EventDate "1994.12.??"]
[EventType "tourn"]
[EventRounds "9"]
[EventCountry "ENG"]
[EventCategory "4"]
[SourceTitle "BritBase"]
[Source "John Saunders"]
[SourceDate "2023.06.01"]
[SourceVersion "1"]
[SourceVersionDate "2023.06.01"]
[SourceQuality "1"]

1. d4 d5 2. Bg5 h6 3. Bh4 Nf6 4. e3 Bg4 5. Nf3 e6 6. c4 c6 7. Qb3 Qa5+ 8. Nc3
Qb4 9. Ne5 Bf5 10. c5 Qxb3 11. axb3 Nbd7 12. Nxd7 1/2-1/2